Largest Countries by colour on the Flag - Statistics

General Stats
  • This quiz has been taken 75 times
    56 since last reset
  • The average score is 31 of 47
Answer Stats
Answer % Correct
Russia
100%
United States
96%
Brazil
94%
Canada
94%
China
94%
Mexico
91%
Dem. Rep. Congo
89%
India
89%
Indonesia
89%
Saudi Arabia
89%
Australia
87%
Algeria
85%
Argentina
85%
South Africa
85%
Sudan
79%
Niger
77%
Chad
74%
Iran
74%
Mongolia
74%
Peru
74%
Egypt
72%
Kazakhstan
72%
Libya
72%
Mali
72%
Colombia
70%
Venezuela
66%
Ethiopia
64%
Iraq
62%
Angola
60%
Bolivia
57%
Mozambique
57%
Tanzania
57%
Namibia
55%
Ireland
49%
South Sudan
47%
Kenya
45%
Mauritania
45%
Yemen
40%
Botswana
38%
Papua New Guinea
38%
Afghanistan
36%
Cote d'Ivoire
36%
Zambia
36%
Zimbabwe
34%
Bhutan
28%
Sri Lanka
19%
Marshall Islands
9%
No matching quizzes found
Score Distribution
Percent of People with Each Score
Percentile by Number Answered
Your Score History
You have not taken this quiz since the last reset